| 000 | 00487nam a2200145 i 4500 | ||
|---|---|---|---|
| 001 | 91244 | ||
| 003 | ES-MaACL | ||
| 007 | t| | ||
| 008 | 050128s1917 ag ||||1| spa d | ||
| 100 | 1 |
_aLetelier, Valentín. _971880 |
|
| 245 | 1 | 0 |
_aGénesis del Estado y de sus Instituciones fundamentales _b: introducción al estudio del Derecho / _cpúblico por Valentín Letelier. |
| 260 |
_aBuenos Aires : _bCabaut y Cía., _c1917. |
||
| 300 |
_aXIII, 804 p. ; _c27 cm. |
||
| 852 |
_aES-MaACL _jG-6056 |
||
| 999 |
_c91244 _d91244 |
||